000
00330nam a22001457a 4500
008
230508b ||||| |||| 00| 0 eng d
020
_a
9781626843264
041
_a
eng
080
_2
SIXTH EDITION
_a
330
082
_a
330HUB
100
_a
23
101
_a
ECONOMI
245
_a
REAL ESTATE ECONOMICS
_c
HUBER.W
942
_2
udc
_c
BK
999
_c
59679
_d
59679